Statistics for Combined Statistical Areas in Washington State

Click here to take the quiz!

General Stats

  • This quiz has been taken 9 times
  • The average score is 4 of 6

Answer Stats

HintAnswer% Correct
4,953,985Seattle-Tacoma-Olympia
100%
773,235 (Includes Idaho)Spokane-Spokane Valley- Coeur d' Alene
100%
3,284,359 (Includes Oregon)Portland-Vancouver-Salem
86%
370,975Kennewick-Richland-Walla Walla
43%
87,661 (Includes Idaho)Pullman-Moscow
43%
120,650Moses Lake-Othello
14%

Score Distribution

Percentile by Number Answered

Percent of People with Each Score

Your Score History

You have not taken this quiz